000 00471nam a2200157 i 4500
001 41864
003 ES-MaACL
005 20230906160515.0
007 t|
008 030312s1946 ag ||||1| spa d
100 1 _aCasas, Alvaro de las.
_936183
245 1 0 _aNobles y escritores españoles en América /
_cAlvaro de las Casas.
260 _aSanta Fé [Argentina :
_bs.n.,
_c1946] (
_fTip. Llordán)
300 _a71 p. ;
_c19 cm.
852 _aES-MaACL
_j1868-F-8
_bR.23112
999 _c41864
_d41864